Career in journalism and mass communications / (Record no. 27628)

MARC details
000 -LEADER
fixed length control field 00918naa a2200241 4500
005 - DATE AND TIME OF LATEST TRANSACTION
control field 20090619121835.0
008 - FIXED-LENGTH DATA ELEMENTS--GENERAL INFORMATION
fixed length control field 090619t xxu||||| |||| 00| 0 eng d
010 ## - LCCN (DPL NO)
LC control number ENG-94123
020 ## - INTERNATIONAL STANDARD BOOK NUMBER
International Standard Book Number 9788190515757
Terms of availability 495.00
035 ## - SYSTEM CONTROL NUMBER
System control number EN-77656
037 ## - SOURCE OF ACQUISITION
Source of stock number/acquisition DBAD / PUB
040 ## - CATALOGING SOURCE
Original cataloging agency dpl
Language of cataloging English
082 ## - DEWEY DECIMAL CLASSIFICATION NUMBER
Classification number 070.4023
100 ## - MAIN ENTRY--PERSONAL NAME
Personal name Sandeep Kumar
245 ## - TITLE STATEMENT
Title Career in journalism and mass communications /
Statement of responsibility, etc by Sandeep Kumar
260 ## - PUBLICATION, DISTRIBUTION, ETC. (IMPRINT)
Place of publication, distribution, etc Delhi
Name of publisher, distributor, etc Mukund Publication
Date of publication, distribution, etc 2009
270 ## - ADDRESS
Address E-11/5, Krishana Nagar,
City Delhi
Postal code 110051
300 ## - PHYSICAL DESCRIPTION
Extent vi, 256p.
Dimensions 22cm(Hb)
500 ## - GENERAL NOTE
General note Includes bibliographical references and index
650 ## - SUBJECT ADDED ENTRY--TOPICAL TERM
Topical term or geographic name as entry element Journalism
General subdivision Vocational guidance
942 ## - ADDED ENTRY ELEMENTS (KOHA)
Institution code [OBSOLETE] dpl
Item type English Books
Source of classification or shelving scheme Dewey Decimal Classification
Call number suffix SAN
Classification part 070.4023
Holdings
Withdrawn status Lost status Source of classification or shelving scheme Damaged status Not for loan Collection code Home library Current library Date acquired Source of acquisition Cost, normal purchase price Total Checkouts Full call number Barcode Date last seen Copy number Cost, replacement price Koha item type
    Dewey Decimal Classification   Not For Loan Non-fiction D.B.Act.Division D.B.Act.Division 19/06/2009 DBAD / PUB 495.00   070.4023 SAN EN-77656 19/06/2009 1 495.00 English Books

© Delhi Public Library
Hit Counter
free hit counter